000 00377nam a2200157Ia 4500
003 Ost
005 20260225132546.0
008 260225s9999||||xx |||||||||||||| ||und||
040 _cfsic
041 _afre
082 _a440
100 _aAdam Mohammed
_eAuteur
245 4 _aThe kano civil war and british over -rule 1882-1940 /
245 0 _cAdam Mohammed
942 _cكتاب
999 _c33829
_d33829